The Building Regulations 2000 (Record no. 103207)
[ view plain ]
| 000 -LEADER | |
|---|---|
| fixed length control field | 02065cam a2200373 4500 |
| 001 - CONTROL NUMBER | |
| control field | L124339 |
| 008 - FIXED-LENGTH DATA ELEMENTS--GENERAL INFORMATION | |
| fixed length control field | 031117n2003 000 0 eng u |
| 020 ## - INTERNATIONAL STANDARD BOOK NUMBER | |
| International Standard Book Number | 0117539015 |
| 035 ## - SYSTEM CONTROL NUMBER | |
| System control number | (Sirsi) u124339 |
| 041 ## - LANGUAGE CODE | |
| Language code of text/sound track or separate title | eng |
| 050 ## - LIBRARY OF CONGRESS CALL NUMBER | |
| Classification number | 692.2 |
| -- | 18 |
| 110 ## - MAIN ENTRY--CORPORATE NAME | |
| Corporate name or jurisdiction name as entry element | United Kingdom |
| Subordinate unit | Office of the Deputy Prime Minister |
| 245 #4 - TITLE STATEMENT | |
| Title | The Building Regulations 2000 |
| Remainder of title | access to and use of buildings - Approved Document M. |
| 250 ## - EDITION STATEMENT | |
| Edition statement | 2004 ed. |
| 260 ## - PUBLICATION, DISTRIBUTION, ETC. | |
| Place of publication, distribution, etc. | Norwich |
| Name of publisher, distributor, etc. | TSO |
| Date of publication, distribution, etc. | 2003 |
| 300 ## - PHYSICAL DESCRIPTION | |
| Extent | 81p. |
| Dimensions | 30cm. |
| 350 ## - PRICE (NR) (BK AM CF MU VM SE) [OBSOLETE] | |
| Price | 12 |
| 505 ## - FORMATTED CONTENTS NOTE | |
| Formatted contents note | M1: access and use |
| 505 ## - FORMATTED CONTENTS NOTE | |
| Formatted contents note | M2: access to extensions to buildings other than dwellings |
| 505 ## - FORMATTED CONTENTS NOTE | |
| Formatted contents note | M3: sanitary conveniences in extensions to buildings other than dwellings |
| 505 ## - FORMATTED CONTENTS NOTE | |
| Formatted contents note | M4: sanitary conveniences in dwellings |
| 520 ## - SUMMARY, ETC. | |
| Summary, etc. | New edition of Approved Document M, coming into effect 1 May 2004. The main changes are: Part M now applies generally to material alterations of and extensions to existing non-domestic buildings; the new Part M no longer refers to disabled people and adopts a more inclusive approach to design to accommodate the needs of all people; the guidance draws on the recommendations of BS 8300:2001; the concept of the Access Statement has been introduced for the first time; and the explanation of the relationship between Part M and the Disability Discrimination Act 1995 has been amended. View at www.odpm.gov.uk. |
| 520 ## - SUMMARY, ETC. | |
| Summary, etc. | Supersedes 1999 ed. (ISBN 0117534692). This edition not found when searched for online 28/11/11 |
| 650 ## - SUBJECT ADDED ENTRY--TOPICAL TERM | |
| Topical term or geographic name entry element | MANAGEMENT-BUSINESS MANAGEMENT-DISCRIMINATION-DISABILITY DISCRIMINATION-ACCESSIBILITY |
| 650 ## - SUBJECT ADDED ENTRY--TOPICAL TERM | |
| Topical term or geographic name entry element | ACCESS TO BUILDINGS |
| 650 ## - SUBJECT ADDED ENTRY--TOPICAL TERM | |
| Topical term or geographic name entry element | DISABILITY DISCRIMINATION ACT 1995 |
| 650 ## - SUBJECT ADDED ENTRY--TOPICAL TERM | |
| Topical term or geographic name entry element | BUILDING REGULATIONS 2000 |
| 650 ## - SUBJECT ADDED ENTRY--TOPICAL TERM | |
| Topical term or geographic name entry element | BUILDING REGULATIONS 2000 APPROVED DOCUMENT M (2004 EDITION) |
| 650 ## - SUBJECT ADDED ENTRY--TOPICAL TERM | |
| Topical term or geographic name entry element | DWELLINGS |
| 650 ## - SUBJECT ADDED ENTRY--TOPICAL TERM | |
| Topical term or geographic name entry element | NON-DOMESTIC BUILDINGS |
| 690 ## - LOCAL SUBJECT ADDED ENTRY--TOPICAL TERM (OCLC, RLIN) | |
| Topical term or geographic name as entry element | BUILT ENVIRONMENT-BUILDING STANDARDS |
| 856 ## - ELECTRONIC LOCATION AND ACCESS | |
| Uniform Resource Identifier | <a href="https://www.communities.gov.uk/index.asp?id=1130883">https://www.communities.gov.uk/index.asp?id=1130883</a> |
| Public note | View Approved Document M on the ODPM website... |
| 942 ## - ADDED ENTRY ELEMENTS (KOHA) | |
| Suppress in OPAC | 0 |
| Withdrawn status | Lost status | Source of classification or shelving scheme | Damaged status | Not for loan | Home library | Current library | Shelving location | Date acquired | Total Checkouts | Full call number | Barcode | Date last seen | Copy number | Price effective from | Koha item type |
|---|---|---|---|---|---|---|---|---|---|---|---|---|---|---|---|
| Dewey Decimal Classification | Virtual | Virtual | Online | 26/11/2003 | ONLINE PUBLICATION | 124339-2001 | 06/08/2019 | 1 | 06/08/2019 | Book |